[Event "Berliner Sommer"]
[Site "Berlin"]
[Date "1994.??.??"]
[Round "?"]
[White "Schulz, Karsten"]
[Black "Ruzele, Darius"]
[Result "1-0"]
[WhiteElo "2330"]
[BlackElo "2495"]

1.Nf3 d5 2.g3 c6 3.Bg2 Bg4 4.d3 Nd7 5.Nbd2 e5 6.e4 dxe4 7.dxe4 Qc7 8.Qe2 Bc5
9.h3 Bh5 10.g4 Bg6 11.Nh4 Nf8 12.Nf5 Ne6 13.Nb3 Bf8 14.Be3 Nf6 15.O-O-O Nd7
16.Rd2 Nb6 17.Rhd1 f6 18.Kb1 Bf7 19.Bf1 h5 20.f3 hxg4 21.hxg4 Rd8 22.Rxd8+ Nxd8
23.Qd2 Nd7 24.Qc3 g6 25.Ng3 Ne6 26.a3 b6 27.Bc4 Rh3 28.Bf1 Rh2 29.Rd2 Rh7
30.Rd1 a5 31.Nc1 Bc5 32.Bxc5 Ndxc5 33.Qe3 Ng5 34.Nd3 Nce6 35.Ne1 Nf4 36.Ne2 Rh1
37.Ng3 Rh2 38.Qg1 Rh7 39.Ne2 Nfe6 40.Qe3 Bg8 41.Nd3 Rd7 42.Nf2 Rxd1+ 43.Nxd1 Qd6
44.Nf2 Nd4 45.f4 Ngf3 46.Nxd4 Nxd4 47.fxe5 fxe5 48.g5 Qe6 49.b3 Qe7 50.Ng4 Qxa3
51.Nf6+ Kf8 52.Qh3 Bf7 53.Bc4 Nxc2 54.Bxf7 Qa1+ 55.Kxc2 Qa2+ 56.Kd1 Qb1+
57.Ke2 Qc2+ 58.Kf3 Qd1+ 59.Kg3 Qd3+ 60.Kh4 Qxh3+ 61.Kxh3 Kxf7 62.Nd7 b5 63.Nxe5+ Ke6
64.Nxc6 a4 65.bxa4 bxa4 66.Kg4 a3 67.Nb4 Kd6 68.Kf4 Kc5  1-0

[Event "Berliner Sommer"]
[Site "Berlin"]
[Date "1994.??.??"]
[Round "?"]
[White "Troyke, Christian"]
[Black "Titzhoff, Frank"]
[Result "1-0"]
[WhiteElo "2355"]
[BlackElo "2155"]

1.g3 d5 2.Nf3 Nf6 3.Bg2 c6 4.O-O Bf5 5.b3 e6 6.Bb2 Be7 7.d3 h6 8.c4 O-O 9.Nbd2 Nbd7
10.a3 a5 11.Qc2 Bh7 12.Bc3 Qb8 13.Qb2 Bd6 14.cxd5 cxd5 15.b4 a4 16.e4 e5
17.exd5 Nxd5 18.Nxe5 Nxe5 19.Bxe5 Bxe5 20.d4 Bf6 21.Bxd5 Qd6 22.Qa2 Rad8
23.Be4 Bxd4 24.Rad1 Bxe4 25.Nxe4 Qg6 26.Nc5 b6 27.Nxa4 Rd6 28.Qb1 Qf6 29.Rd2 Rfd8
30.Nb2 Qf3 31.Qd1 Qc6 32.Qc2 Qd7 33.Nd1 Rc8 34.Qe4 Re8 35.Qf4 Re5 36.Ne3 Bxe3
37.Rxd6 Qxd6 38.fxe3 Qe6 39.Re1 Re4 40.Qf3 f5 41.Rf1 Rxe3 42.Qxf5 Qxf5 43.Rxf5 Rxa3
44.Rb5 Ra6 45.Kf2 Kf7 46.Ke3 Ke7 47.Kd4 Kd6 48.Kc4 Kc6 49.Re5 Kd6 50.Re2 Ra1
51.Kb5 Rb1 52.Rc2 Kd5 53.Rc7 Rb2 54.h4 g5 55.hxg5 hxg5 56.Rg7 Rb3 57.Rxg5+ Kd6
58.g4 Kc7 59.Rg7+ Kd6 60.Rg6+ Kd5 61.Rxb6 Rg3 62.Rg6 Rg1 63.Kb6 Kc4 64.b5 Kb4
65.Rg5 Rc1 66.Rf5 Rc4 67.g5 Re4 68.Ka6 Re8 69.b6 Ra8+ 70.Kb7 Rg8 71.Ka7  1-0

[Event "Berliner Sommer"]
[Site "Berlin"]
[Date "1994.??.??"]
[Round "?"]
[White "Impris, Oleg"]
[Black "Kleff, Andre"]
[Result "1/2-1/2"]
[WhiteElo "2345"]
[BlackElo "2170"]

1.Nf3 d5 2.g3 e6 3.Bg2 Nf6 4.d3 Be7 5.O-O c5 6.Nbd2 Nc6 7.e4 Qc7 8.Re1 b6
9.exd5 Nxd5 10.Ne4 Bb7 11.Bd2 Rd8 12.a3 Nf6 13.Qe2 Nxe4 14.dxe4 O-O 15.Bc3 e5
16.Nd2 Nd4 17.Bxd4 cxd4 18.Nf3 g6 19.Rad1 Bf6 20.Rf1 Qc8 21.Ne1 Ba6 22.Nd3 Bxd3
23.Qxd3 Bg7 24.f4 f6 25.a4 Qc5 26.Bh3 Rfe8 27.f5 g5 28.g4 Rc8 29.Rf2 Qc4
30.Qxc4+ Rxc4 31.Bf1 Rc5 32.b3 Bf8 33.Bc4+ Kg7 34.Rd3 Rc7 35.h4 gxh4 36.Rh2 h6
37.Rxh4 Bb4 38.Kf2 Rec8 39.Ke2 a5 40.Rdh3 Rh8 41.Rh2 Rcc8 42.R4h3 Rc6 43.Rh1 Rcc8
44.R3h2 Rc6 45.Kd1 Rcc8 46.Kc1 Ba3+ 47.Kb1 Bb4 48.Rd1 Rc7 49.Rh3 Ra7 50.Rdh1 Raa8
51.Be6 Rad8 52.Rd1 Rd6 53.Kc1 Rc6 54.Bc4 Ba3+ 55.Kd2 Bb4+ 56.Ke2 Rc7 57.Kf2 Bc5
58.Kf3 Bb4 59.Ke2 Re7 60.Rg3 Rc7 61.Rh1 Rcc8 62.Rgh3 Rc6 63.Rd1 Rc7 64.Bd3 Rcc8
65.Rdh1 Rc6 66.R1h2 Rcc8 67.Bc4 Rc6 68.Kd1 Rcc8 69.Bd5 Rc3 70.Rxc3 Bxc3 71.Be6 Rd8
72.Ke2 Rd6 73.Bd5 Rd7 74.Kd3 Rc7 75.Bc4 Rc5 76.Rh1 Bb4  1/2-1/2

[Event "Berliner Sommer"]
[Site "Berlin"]
[Date "1994.??.??"]
[Round "?"]
[White "Impris, Oleg"]
[Black "Maljutin, Evgeni"]
[Result "0-1"]
[WhiteElo "2345"]
[BlackElo "2495"]

1.Nf3 d5 2.g3 Nc6 3.d4 Bg4 4.Bg2 Qd7 5.Nc3 e6 6.O-O Bb4 7.Qd2 Bxf3 8.Bxf3 f5
9.a3 Be7 10.Na4 Nf6 11.Nc5 Bxc5 12.dxc5 a5 13.b3 Qe7 14.Qf4 O-O 15.Bb2 Qxc5
16.c4 dxc4 17.Rac1 b5 18.a4 Nd5 19.Qg5 Nd4 20.bxc4 bxc4 21.Bxd4 Qxd4 22.Rfd1 Qc5
23.Qh4 f4 24.Qh5 Rad8 25.Be4 g6 26.Bxg6 Rd7 27.g4 hxg6 28.Qxg6+ Kh8 29.Qxe6 Qd6
30.Qe4 c3 31.Rd3 Kg8 32.Qc4 Qb4 33.Rcxc3 Rff7 34.Rc1 Qxc4 35.Rxc4 Nb6 36.Rc5 Rxd3
37.exd3 Nxa4 38.Rxa5 Nb2 39.d4 f3 40.h3 Nd3 41.Ra3 Nc1 42.d5 Ne2+ 43.Kf1 Kf8
44.Re3 Rf4 45.g5 Kf7 46.Ke1 Kg6 47.h4 Nd4 48.Rc3 Rxh4 49.Rxc7 Nf5 50.Rc3 Rf4
51.Rd3 Nd6 52.Kd2 Kxg5 53.Rb3 Kg4 54.Kd3 Nf5 55.Rb5 Kh3 56.d6 Rd4+ 57.Kc3 Nxd6
58.Rh5+ Rh4 59.Rd5 Ne4+ 60.Kd3 Nxf2+ 61.Ke3 Kg3  0-1

[Event "Berliner Sommer"]
[Site "Berlin"]
[Date "1994.??.??"]
[Round "?"]
[White "Loginov, Valery A"]
[Black "Levin, Felix"]
[Result "0-1"]
[WhiteElo "2610"]
[BlackElo "2480"]

1.Nf3 d5 2.g3 c6 3.Bg2 Bg4 4.c4 e6 5.cxd5 exd5 6.O-O Nf6 7.d3 Be7 8.Qc2 O-O
9.e4 Qc8 10.Nc3 Na6 11.Re1 Rd8 12.exd5 Nb4 13.Qb3 Nbxd5 14.Bg5 Re8 15.Rac1 Nb6
16.Bxf6 Bxf6 17.Ne4 Be7 18.Neg5 Bxg5 19.Nxg5 Qd7 20.Rxe8+ Rxe8 21.Ne4 Qe7
22.Qc3 Nd5 23.Qc5 Nb4 24.Qxa7 Nxd3 25.Rc3 Rd8 26.Rb3 Nc5 27.Re3 Rd1+ 28.Bf1 Nxe4
29.Qa4 f5 30.f3 Qc5 31.Qb3+ Qd5 32.Qxd5+ cxd5 33.fxg4 Nd2 34.Rd3 fxg4 35.Rxd5 Rxf1+
36.Kg2 Nc4 37.Rd3 Rf3 38.Rxf3 gxf3+ 39.Kxf3 Nxb2 40.Ke4 Kf7 41.Kd5 Ke7  0-1

[Event "Berliner Sommer"]
[Site "Berlin"]
[Date "1994.??.??"]
[Round "?"]
[White "Loginov, Valery A"]
[Black "Kadimova, Ilaha"]
[Result "1-0"]
[WhiteElo "2610"]
[BlackElo "2355"]

1.Nf3 d5 2.g3 Nf6 3.Bg2 Bf5 4.c4 c6 5.O-O e6 6.d3 Nbd7 7.cxd5 exd5 8.Qc2 Be7
9.Nc3 O-O 10.e4 Bg6 11.Nh4 dxe4 12.Nxg6 hxg6 13.dxe4 Qa5 14.Qe2 Rfe8 15.Bd2 Qh5
16.Rae1 Ne5 17.h3 Bc5 18.Be3 Qxe2 19.Rxe2 Bxe3 20.Rxe3 Rad8 21.f4 Nc4 22.Re2 Rd3
23.Rf3 Red8 24.e5 Ne8 25.Rxd3 Rxd3 26.Ne4 Ne3 27.Nf2  1-0

[Event "Bern op"]
[Site "Bern"]
[Date "1994.??.??"]
[Round "3"]
[White "Lobron, Eric"]
[Black "Plesec, Damjan"]
[Result "1-0"]
[WhiteElo "2570"]
[BlackElo "2325"]

1.Nf3 d5 2.g3 e6 3.Bg2 Nf6 4.O-O Be7 5.c4 O-O 6.d4 c6 7.Qc2 Nbd7 8.b3 b6
9.Bb2 Bb7 10.Nc3 Rc8 11.e4 Nxe4 12.Nxe4 dxe4 13.Qxe4 Nf6 14.Qe2 c5 15.Rad1 Qc7
16.dxc5 Bxc5 17.Ne5 Bxg2 18.Kxg2 Qb7+ 19.Qf3 Qxf3+ 20.Kxf3 Rfd8 21.Ke2 Kf8
22.f3 Ke8 23.g4 Be7 24.Rxd8+ Bxd8 25.b4 g6 26.b5 Nd7 27.Nc6 Be7 28.f4 Ra8
29.Rf3 Nb8 30.Nxb8 Rxb8 31.Rh3 Rc8 32.Kd3 Rd8+ 33.Kc2 Bb4 34.Rxh7 Rd2+ 35.Kb3 Bd6
36.Be5 Bxe5 37.fxe5 Ke7 38.Rh8 Rd3+ 39.Kb4 Rd2 40.a4 Rb2+ 41.Kc3 Ra2 42.Kb3 Rd2
43.Ra8  1-0

[Event "Bern op"]
[Site "Bern"]
[Date "1994.??.??"]
[Round "4"]
[White "Schulze, Ulrich"]
[Black "Gulko, Boris F"]
[Result "0-1"]
[WhiteElo "2410"]
[BlackElo "2615"]

1.Nf3 d5 2.g3 g6 3.Bg2 Bg7 4.d4 Nh6 5.c4 dxc4 6.Qa4+ c6 7.Bxh6 Bxh6 8.Qxc4 Qb6
9.Qc3 Bg7 10.Nbd2 O-O 11.O-O c5 12.dxc5 Bxc3 13.cxb6 Bxb2 14.Rab1 Bg7 15.Nc4 Nc6
16.Nfd2 axb6 17.Bxc6 bxc6 18.Rxb6 Ra6 19.Rfb1 Bd4 20.Rxa6 Bxa6 21.a4 Rd8
22.Rb3 Ba7 23.Rb2 Rd5 24.Kg2 Kf8 25.f4 f6 26.Kf3 Ke8 27.Rb3 Kd8 28.Rb2 Kc7
29.Rc2 h5 30.h3 Bc8 31.g4 Bd7 32.Rb2 Bd4 33.Rc2 Ba7 34.Rb2 Be6 35.Rc2 Rd4
36.e3 Rd5 37.Rc1 Rc5 38.Rc2 Bb6 39.Na3 Rxc2 40.Nxc2 Ba5 41.Nf1 Bb3 42.Nd4 Bd1+
43.Kf2 hxg4 44.h4 c5 45.f5 cxd4 46.fxg6 d3 47.h5 g3+ 48.Nxg3 d2 49.h6 Bg4  0-1

[Event "Bern op"]
[Site "Bern"]
[Date "1994.??.??"]
[Round "6"]
[White "Schulze, Ulrich"]
[Black "Ballon, Guenther Jan"]
[Result "1-0"]
[WhiteElo "2410"]
[BlackElo "2200"]

1.Nf3 d5 2.g3 c6 3.Bg2 Bg4 4.c4 Bxf3 5.Bxf3 e6 6.cxd5 exd5 7.O-O Nf6 8.d3 Bc5
9.Qb3 Qb6 10.Qc2 Nbd7 11.Nc3 Bd6 12.Be3 Qd8 13.b4 Bxb4 14.Rfb1 Qa5 15.Bd2 O-O
16.Qb3 Bxc3 17.Bxc3 Qb6 18.Bxf6 gxf6 19.Qa4 Qc7 20.Qh4 Ne5 21.Qxf6 Nxf3+
22.exf3 a5 23.Re1 Rfe8 24.Rab1 Qd7 25.Qg5+ Kh8 26.Re5 Re6 27.Rxe6 fxe6 28.Qe5+ Kg8
29.f4 b5 30.Re1 Kf7 31.Qh5+ Kg7 32.Qg5+ Kf7 33.Qh6 Rh8 34.Re5 Rg8 35.Qxh7+ Rg7
36.Qh5+ Kf6 37.Qh8 Kf7 38.h4 a4 39.Rg5 Rxg5 40.fxg5 Qe7 41.Qe5 b4 42.h5 b3
43.g6+ Kg8 44.h6  1-0

[Event "Bern op"]
[Site "Bern"]
[Date "1994.??.??"]
[Round "8"]
[White "Schulze, Ulrich"]
[Black "Seidel, Juergen"]
[Result "1-0"]
[WhiteElo "2410"]
[BlackElo "2095"]

1.Nf3 d5 2.g3 Nf6 3.Bg2 c5 4.O-O Nc6 5.d4 e6 6.c4 cxd4 7.Nxd4 Qb6 8.Nxc6 bxc6
9.cxd5 cxd5 10.Nc3 Be7 11.e4 dxe4 12.Nxe4 Nd5 13.Nc3 Nxc3 14.bxc3 Bb7 15.Qa4+ Kf8
16.Be3 Qc7 17.Bxb7 Qxb7 18.Rab1 Qc7 19.Qe4 Rc8 20.Rb7 Qd6 21.Qa4 Rxc3 22.Rd1 Rd3
23.Rxd3 Qxd3 24.Rb8+ Bd8 25.Bc5+  1-0

[Event "Biel op"]
[Site "Biel"]
[Date "1994.??.??"]
[Round "3"]
[White "Markowski, Tomasz"]
[Black "Milov, Vadim"]
[Result "0-1"]
[WhiteElo "2475"]
[BlackElo "2590"]

1.g3 d5 2.Nf3 c6 3.Bg2 Bf5 4.b3 Nf6 5.Bb2 e6 6.O-O Be7 7.d3 O-O 8.Nbd2 h6
9.e3 a5 10.a3 Nbd7 11.Qe2 Bh7 12.e4 Qb6 13.a4 Rfd8 14.h3 Qc7 15.e5 Ne8 16.Nd4 b5
17.f4 Qb6 18.Kh2 Bc5 19.N2f3 Nc7 20.Qf2 Re8 21.Bc1 bxa4 22.bxa4 Rab8 23.Be3 Qa6
24.Rfb1 Bb4 25.Ne2 Rb7 26.g4 Bf8 27.Ng3 c5 28.Rf1 d4 29.Bd2 Nd5 30.Rae1 Rb2
31.Bc1 Ra2 32.f5 Rc8 33.Nh4 Nb4 34.Re2 c4 35.Qxd4 cxd3 36.cxd3 Rxe2 37.Nxe2 Nxe5
38.Nf4 Qd6 39.Bb2 Nbxd3 40.Ba1 Nxf4 41.Qxf4 Nxg4+ 42.Kg3 Ne3  0-1

[Event "Biel op"]
[Site "Biel"]
[Date "1994.??.??"]
[Round "6"]
[White "Gutman, Lev"]
[Black "Lamprecht, Frank"]
[Result "1-0"]
[WhiteElo "2465"]
[BlackElo "2340"]

1.Nf3 d5 2.g3 Nf6 3.Bg2 Nbd7 4.d4 e6 5.O-O Be7 6.c4 O-O 7.Qd3 b6 8.cxd5 exd5
9.Nc3 Bb7 10.Bf4 c6 11.Rac1 Re8 12.Rfd1 Nh5 13.Bd2 g6 14.e4 dxe4 15.Nxe4 Ndf6
16.Ne5 Rc8 17.Ng5 Rf8 18.Bxc6 Bxc6 19.Nxc6 Qd7 20.Ne5 Rxc1 21.Rxc1 Qb7 22.Nc6 Bd6
23.d5 Re8 24.Bc3 Qd7 25.Qf3 Ng4 26.Ne4 Ne5 27.Qxh5 gxh5 28.Nf6+ Kf8 29.Nxd7+ Nxd7
30.Nxa7 h4 31.Nb5 Be5 32.gxh4 Ra8 33.a3 Ke7 34.Re1 Kf6 35.Rxe5 Nxe5 36.f4  1-0

[Event "Biel op"]
[Site "Biel"]
[Date "1994.??.??"]
[Round "7"]
[White "Landa, Konstantin"]
[Black "Zifroni, Dov"]
[Result "1/2-1/2"]
[WhiteElo "2510"]
[BlackElo "2370"]

1.Nf3 d5 2.g3 Nf6 3.Bg2 g6 4.O-O Bg7 5.d4 O-O 6.Be3 c6 7.h3 Nbd7 8.Qc1 Re8
9.Rd1 b6 10.Bh6 Bh8 11.c4 Bb7 12.Nc3 Rc8 13.Ne5 e6 14.Bg5 Qc7 15.Bf4 Nxe5
16.Bxe5 Qe7 17.b3 Bg7 18.Qb2 Ba6 19.Rac1 Bh6 20.Bxf6 Qxf6 21.Rc2 Qe7 22.cxd5 cxd5
23.e3 Bf8 24.a4 Qd7 25.h4 Rc7 26.Na2 Rxc2 27.Qxc2 Rc8 28.Qb2 Bd6 29.Bf1 Bxf1
30.Rxf1 Rc6 31.Rc1 Rxc1+ 32.Nxc1 h5 33.Qc3 Qc7 34.Qxc7 Bxc7 35.b4 f6 36.b5 Kf7
37.Kg2 e5 38.dxe5 fxe5 39.Nb3 Ke6 40.f3 Kf5 41.Kh3 Bd6 42.Nd2 e4 43.g4+ hxg4+
44.fxg4+ Kf6 45.Nb3 Bb4 46.g5+ Kf7 47.Kg4 Bc3 48.Kf4 Ke6 49.Kg4 Kf7 50.Kf4 Ke6
51.Nd4+ Bxd4  1/2-1/2

[Event "Biel"]
[Site "Biel"]
[Date "1994.??.??"]
[Round "7"]
[White "Brunner, Lucas"]
[Black "Hoffman, Alejandro"]
[Result "1-0"]
[WhiteElo "2525"]
[BlackElo "2500"]

1.Nf3 d5 2.g3 Nf6 3.Bg2 e6 4.O-O Be7 5.c4 O-O 6.b3 b6 7.Bb2 Bb7 8.cxd5 exd5
9.d4 c5 10.Nc3 Na6 11.Ne5 Re8 12.Rc1 Ne4 13.dxc5 Naxc5 14.Nd3 Nxd3 15.Qxd3 Bf6
16.Rfd1 Qe7 17.e3 Rad8 18.Qf1 h5 19.Rc2 Nxc3 20.Bxc3 Bxc3 21.Rxc3 d4 22.exd4 Bxg2
23.Kxg2 Qe4+ 24.Kg1 Rxd4 25.Re3 Rxd1 26.Qxd1 Qc6 27.Rxe8+ Qxe8 28.Qxh5 Qe1+
29.Kg2 Qd2 30.a4 Qd4 31.Qf3 g6 32.h4 a5 33.h5 gxh5 34.Qxh5 Qe4+ 35.Kh2 Qd4
36.Qg5+ Kf8 37.Qe3 Qh8+ 38.Kg2 Qf6 39.g4 Qc6+ 40.Qf3 Qe6 41.Kg3 Qd6+ 42.Qf4 Qd3+
43.Qe3 Qd6+ 44.f4 Qb4 45.Qd3 Qe1+ 46.Kg2 Qb4 47.Kf3 Kg7 48.g5 Qc5 49.Qc4 Qg1
50.Ke4 Qe1+ 51.Kf5 Qe3 52.Qd5 Qh3+ 53.Ke4 Qh1+ 54.Ke5 Qe1+ 55.Kd6 Qb4+ 56.Kc6 Qxf4
57.Kxb6 Qb4+ 58.Ka6 Qc3 59.Qxa5 Qxb3 60.Qe5+ Kg6 61.a5 Qd3+ 62.Kb6 Qd8+ 63.Kb7 Qd7+
64.Qc7 Qf5 65.a6 Kh5 66.Qc6 Qb1+ 67.Kc7 Qa2 68.Qf6 Qd5 69.Qh6+ Kg4 70.Qc6 Qa5+
71.Kb7 Qb4+ 72.Ka8 Qa5 73.Qc4+ Kh5 74.Kb7 Qf5 75.a7 Qd7+ 76.Kb6 Qd8+ 77.Qc7 Qd4+
78.Qc5 Qd8+ 79.Kb5 Qd7+ 80.Kc4 Qa4+ 81.Kc3 Qa1+ 82.Kd2 Qa2+ 83.Ke3 Qg2 84.Kf4 Qg4+
85.Ke5 Qe6+ 86.Kd4 Qd7+ 87.Kc3 Qb7 88.g6+ Kxg6 89.Qd6+ f6 90.Qg3+ Kh5 91.Qb8 Qf3+
92.Kb4 Qe4+ 93.Ka5 Qe1+ 94.Qb4 Qa1+ 95.Kb6 f5 96.Qe7 Qd4+ 97.Kb7 Qd5+ 98.Kb8 Qb5+
99.Kc7 Qa5+ 100.Kc8 Qa6+ 101.Kd8 Qb6+ 102.Ke8 Qc6+ 103.Qd7 Qa8+ 104.Kf7 Kg4
105.Kg7 Kf4 106.Qc7+ Ke3 107.Qb8 Qg2+ 108.Kf8 f4 109.a8=Q Qxa8 110.Qxa8 f3
111.Qe8+ Kf2 112.Qe4 Kg3  1-0

[Event "Biel op"]
[Site "Biel"]
[Date "1994.??.??"]
[Round "10"]
[White "Topakian, Raffi"]
[Black "Gdanski, Jacek"]
[Result "0-1"]
[WhiteElo "2305"]
[BlackElo "2505"]

1.Nf3 d5 2.g3 c6 3.Bg2 Bg4 4.O-O Nd7 5.d3 Ngf6 6.Nbd2 e6 7.b3 Bc5 8.Bb2 O-O
9.e4 a5 10.a3 b5 11.h3 Bh5 12.Qe1 Bxf3 13.Nxf3 Qb6 14.e5 Ne8 15.h4 Nc7 16.Bh3 Be7
17.Qe2 a4 18.b4 c5 19.c3 Qa6 20.d4 cxd4 21.cxd4 Nb6 22.Ne1 Nc4 23.Nd3 Rae8
24.Rad1 Qc6 25.Nf4 f6 26.exf6 Bxf6 27.Nh5 Be7 28.Bc1 Bd6 29.Qg4 Rf7 30.Rd3 g6
31.Nf4 e5 32.Ne2 e4 33.Rc3 Kh8 34.h5 Rg8 35.hxg6 Rxg6 36.Qh5 Ne8 37.Be6 Nf6
38.Qh3 Re7 39.Bf5 Rg8 40.Nf4 Qe8 41.Ne6 Qh5 42.Re1 Qxh3 43.Bxh3 Nh5 44.Kf1 Bxg3
45.fxg3 Nxg3+ 46.Kf2 Rf7+ 47.Nf4 Nh5 48.Be6 Rxf4+ 49.Bxf4 Rf8 50.Bxd5 Nxf4
51.Bxc4 Nd5+ 52.Kg2 Nxc3 53.Bf1 Rf5 54.Re3 Nb1 55.Rxe4 Nxa3 56.Bd3 Rd5 57.Rh4 h5
58.Kf3 Kg7 59.Ke4 Rg5 60.Rh1 Nc4 61.Bxc4 bxc4 62.Ra1 h4 63.Rxa4 h3 64.Ra1 h2
65.Rh1 Rg2 66.b5 Re2+ 67.Kf3 Rb2 68.Kg3 Kf6 69.Rf1+ Ke6 70.b6 Kd5 71.Rd1 Rxb6
72.Kxh2 Rg6 73.Kh3 c3 74.Kh4 c2 75.Rc1 Rc6  0-1

[Event "GER-ch"]
[Site "Binz"]
[Date "1994.??.??"]
[Round "1"]
[White "Martynov, Pavel"]
[Black "Schumacher, Olaf"]
[Result "1-0"]
[WhiteElo "2410"]
[BlackElo "2285"]

1.Nf3 d5 2.g3 Bg4 3.Bg2 c6 4.O-O Nd7 5.d3 Ngf6 6.Nbd2 e5 7.e4 dxe4 8.dxe4 Bc5
9.Qe2 O-O 10.Rd1 Qe7 11.h3 Bh5 12.Nb3 a5 13.Bg5 Bb6 14.g4 Bg6 15.Nh4 h6 16.Be3 Bxe3
17.Qxe3 a4 18.Nd2 Qc5 19.Qxc5 Nxc5 20.f3 b5 21.Nf1 Rfd8 22.Ne3 Ne6 23.Bf1 Nh7
24.c3 Nhg5 25.Nc2 Nf4 26.Nb4 Ngxh3+ 27.Bxh3 Nxh3+ 28.Kf1 Rac8 29.Ke1 a3 30.bxa3 Nf4
31.Rxd8+ Rxd8 32.Nxc6 Rd3 33.Rc1 f6 34.Ne7+ Kf7 35.Nexg6 Nxg6 36.Nxg6 Kxg6
37.Ke2 Rd6 38.a4 bxa4 39.c4 Rc6 40.c5 Kg5 41.Kd3 Kf4 42.Kc4 Kxf3 43.Kd5 Rc8
44.c6 Kxg4 45.Rg1+ Kf4 46.Rxg7 h5 47.Rh7 Kg4 48.c7 h4 49.Kd6 h3 50.Kd7 Rg8
51.c8=Q Rxc8 52.Kxc8 Kf4 53.Rxh3 Kxe4 54.Kd7 Kd4 55.Ke6 e4 56.Kf5 e3 57.Rh4+ Kd3
58.Rxa4  1-0

[Event "GER-ch"]
[Site "Binz"]
[Date "1994.??.??"]
[Round "3"]
[White "Troyke, Christian"]
[Black "Lagunow, Alexander"]
[Result "0-1"]
[WhiteElo "2355"]
[BlackElo "2405"]

1.g3 d5 2.Nf3 Nf6 3.Bg2 g6 4.O-O Bg7 5.d4 O-O 6.c4 dxc4 7.Na3 c3 8.bxc3 c5
9.e3 Nc6 10.Bb2 e5 11.Nc4 exd4 12.cxd4 cxd4 13.Nxd4 Nxd4 14.Bxd4 Be6 15.Rc1 Rc8
16.Qa4 b5 17.Qxb5 Qc7 18.Qb2 Bxc4 19.Bxf6 Bxf6 20.Qxf6 Qb6 21.Qxb6 axb6 22.Rfd1 Bxa2
23.Ra1 Rc2 24.Bd5 Bxd5 25.Rxd5 Rfc8 26.Ra7 R8c7 27.Rd8+ Kg7 28.Rxc7 Rxc7
29.Rb8 Rc6 30.Kg2 h5 31.e4 Kf6 32.Rb7 Ke5 33.Kf3 f5 34.exf5 Kxf5 35.h3 Ke5
36.Ke3 Kd5 37.Kd3 Kc5 38.f4 Kb4 39.g4 b5  0-1

[Event "GER-ch"]
[Site "Binz"]
[Date "1994.??.??"]
[Round "4"]
[White "Schulz, Karsten"]
[Black "Martynov, Pavel"]
[Result "0-1"]
[WhiteElo "2330"]
[BlackElo "2410"]

1.Nf3 d5 2.g3 c5 3.Bg2 Nc6 4.d4 Nf6 5.O-O e6 6.c4 Be7 7.cxd5 exd5 8.Nc3 O-O
9.b3 Ne4 10.Bb2 Bf6 11.e3 Bg4 12.Ne2 Qa5 13.Re1 Rac8 14.h3 Bf5 15.Nf4 Rfd8
16.Nh5 c4 17.Nxf6+ Nxf6 18.Nh4 Be4 19.bxc4 dxc4 20.Bxe4 Nxe4 21.Qg4 Nf6 22.Qf5 Qxf5
23.Nxf5 g6 24.Nh6+ Kf8 25.Ba3+ Kg7 26.Ng4 Ne4 27.Kg2 h5 28.Nh2 b5 29.f3 Nf6
30.Rab1 Rb8 31.Bc5 b4 32.Rec1 c3 33.Nf1 a5 34.Kf2 Ne8 35.e4 Nxd4 36.Bxd4+ Rxd4
37.Rxc3 bxc3 38.Rxb8 Nc7 39.Rb1 Ra4 40.Ra1 Na6 41.Ne3 Nb4 42.Ke2 c2 43.Kd2 Ra3
44.Nxc2 Rxf3 45.Nxb4 axb4 46.Rb1 Rxg3 47.Rxb4 Rxh3 48.a4 h4 49.Ke2 Ra3 50.Kf2 g5
51.Rb5 Kg6 52.Rb6+ Kh5 53.Rf6 Rxa4 54.Rxf7 Rxe4 55.Kf3 Rc4 56.Rh7+ Kg6 57.Rh8 Rc3+
58.Ke4 Rc7 59.Kf3 Rh7 60.Rg8+ Kh5 61.Rf8 Rh6 62.Rf7 Rh8 63.Kg2 Rc8 64.Rf2 Rc3
65.Rb2 Rg3+ 66.Kh2 Re3 67.Kg2 g4 68.Rb5+ Kg6 69.Rb6+ Kf5 70.Kf2 Rf3+ 71.Kg2 h3+
72.Kg1 Rd3 73.Kh2 Rd2+ 74.Kg1 g3 75.Rb5+ Ke4 76.Rb4+ Rd4 77.Rb1 Ke3 78.Re1+ Kf3
79.Kh1 Kf2 80.Rf1+ Ke2  0-1

[Event "GER-ch"]
[Site "Binz"]
[Date "1994.??.??"]
[Round "5"]
[White "Oswald, Hans Joachim"]
[Black "Krajina, Davor"]
[Result "1/2-1/2"]
[WhiteElo "2335"]
[BlackElo "2270"]

1.Nf3 d5 2.g3 Nf6 3.Bg2 c6 4.O-O Bg4 5.c4 Nbd7 6.d4 e6 7.Nbd2 Bd6 8.b3 a5
9.a3 O-O 10.Bb2 a4 11.b4 Bxf3 12.Bxf3 b5 13.c5 Bc7 14.e4 dxe4 15.Nxe4 Nd5
16.Qe2 h6 17.Rae1 Re8 18.Bg2 f5 19.Nc3 N7f6 20.Nb1 Qd7 21.Nd2 Qf7 22.Nf3 Qh5
23.Ne5 Qxe2 24.Rxe2 Bxe5 25.dxe5 Nd7 26.f4 Nf8 27.h4 Rad8 28.Kf2 Ne7 29.Ke3 Kf7
30.h5 Rd7 31.Rd2 Rxd2 32.Kxd2 Rd8+ 33.Ke2 Nh7 34.Bf3 Nd5 35.Rd1 Nf8 36.Kf2 Rd7
37.Ke2 Rd8 38.Ba1 Rd7 39.Rh1 Ne7 40.Bc3 Nd5 41.Bd2 Ne7 42.Be3  1/2-1/2

[Event "GER-ch"]
[Site "Binz"]
[Date "1994.??.??"]
[Round "6"]
[White "Maiwald, Jens Uwe"]
[Black "Stern, Rene"]
[Result "1-0"]
[WhiteElo "2445"]
[BlackElo "2370"]

1.Nf3 d5 2.g3 Nf6 3.Bg2 e6 4.O-O Be7 5.d3 O-O 6.Nbd2 c5 7.e4 Nc6 8.Re1 b5
9.e5 Nd7 10.Nf1 a5 11.h4 b4 12.Bf4 Ba6 13.N1h2 a4 14.a3 bxa3 15.bxa3 Rb8
16.Ng5 Nd4 17.c3 Nf5 18.Bh3 h6 19.Ngf3 Rb3 20.Qc2 d4 21.c4 Qa5 22.Qe2 Qb6
23.Nd2 Rb2 24.Rab1 Rxb1 25.Rxb1 Qc6 26.Bg2 Qc7 27.Be4 Qc8 28.Ndf3 Qd8 29.Qd1 Qa5
30.Bd2 Qc7 31.Qxa4 Rb8 32.Rxb8+ Nxb8 33.g4 Nxh4 34.Nxh4 Qxe5 35.Qe8+ Bf8
36.Ng2  1-0

[Event "GER-ch"]
[Site "Binz"]
[Date "1994.??.??"]
[Round "6"]
[White "Schmittdiel, Eckhard"]
[Black "Hermann, Manfred"]
[Result "1/2-1/2"]
[WhiteElo "2495"]
[BlackElo "2405"]

1.Nf3 d5 2.g3 Nf6 3.Bg2 e6 4.b3 Be7 5.O-O O-O 6.Bb2 c5 7.d3 Nc6 8.Nbd2 b6
9.e4 Bb7 10.Qe2 Qc7 11.Rfe1  1/2-1/2

[Event "Bled op sen"]
[Site "Bled"]
[Date "1994.??.??"]
[Round "?"]
[White "Vospernik, G."]
[Black "Piber, Vinko"]
[Result "0-1"]
[WhiteElo "2000"]
[BlackElo "2020"]

1.Nf3 d5 2.g3 g6 3.Bg2 Bg7 4.d3 Nf6 5.O-O O-O 6.Nbd2 c5 7.e4 e6 8.c3 Nc6
9.e5 Nd7 10.d4 b5 11.Re1 a5 12.b3 Qb6 13.Nf1 cxd4 14.cxd4 Ba6 15.a3 Rac8
16.Bg5 h6 17.Be3 b4 18.a4 Ne7 19.N1d2 Bd3 20.Bf1 Bc2 21.Qe2 Rc3 22.Nb1 Rc7
23.Nfd2 Nf5 24.f4 Nxe3 25.Qxe3 Bf5 26.Bd3 Bxd3 27.Qxd3 Rfc8 28.Ra2 Rc1 29.Rxc1 Rxc1+
30.Kg2 Qc7 31.Qb5 Nf8 32.h3 g5 33.f5 Rd1 34.f6 Bh8 35.Qe2 Qc1 36.h4 Re1 37.Qf2 g4
38.Rc2 Qd1 39.Nf1 Rxf1 40.Qxf1 Qxc2+  0-1

[Event "Bled op"]
[Site "Bled"]
[Date "1994.??.??"]
[Round "?"]
[White "Dizdarevic, Emir"]
[Black "Vospernik, Andrej"]
[Result "1-0"]
[WhiteElo "2515"]
[BlackElo "2190"]

1.Nf3 d5 2.g3 Nf6 3.Bg2 c6 4.O-O g6 5.b3 Bg7 6.Bb2 O-O 7.c4 Bg4 8.d3 Qc8
9.Re1 Bh3 10.Bh1 Qf5 11.Nbd2 Nbd7 12.Rc1 Rac8 13.b4 e5 14.e4 dxe4 15.dxe4 Qh5
16.c5 Rcd8 17.Qa4 Bh6 18.Rc2 Bg4 19.Qa3 Be6 20.Nc4 Bxc4 21.Rxc4 Qg4 22.Bg2 Qe6
23.Rc2 Rfe8 24.Bf1 b5 25.Qb3 Qg4 26.Rc3 Nf8 27.h3 Qe6 28.Qxe6 Rxe6 29.Ra3 Bd2
30.Rd1 Nxe4 31.Rxa7 f6 32.a4 bxa4 33.Bc4  1-0

[Event "Bojnice"]
[Site "Bojnice"]
[Date "1994.??.??"]
[Round "6"]
[White "Banas, Jan"]
[Black "Huba, Martin"]
[Result "1-0"]
[WhiteElo "2390"]
[BlackElo "2145"]

1.Nf3 d5 2.g3 c5 3.Bg2 Nc6 4.d4 cxd4 5.Nxd4 e5 6.Nxc6 bxc6 7.O-O Nf6 8.c4 Be7
9.cxd5 cxd5 10.Nc3 Be6 11.Bg5 e4 12.Qa4+ Bd7 13.Qc2 Rc8 14.Rfd1 Qa5 15.Qd2 Be6
16.Bxf6 Bxf6 17.Nxe4 Qxd2 18.Nxf6+ gxf6 19.Rxd2 Ke7 20.Rad1 Rhd8 21.Bxd5 Bxd5
22.Rxd5 Rxd5 23.Rxd5 Rc2 24.Ra5 Rxb2 25.Rxa7+ Ke6 26.e3 h5 27.h4 f5 28.Kg2 f6
29.Kf3 Ke5 30.a4 Ra2 31.a5  1-0

[Event "Brno-C"]
[Site "Brno"]
[Date "1994.??.??"]
[Round "3"]
[White "Guenthner, Oliver"]
[Black "Kargoll, Boris"]
[Result "1-0"]
[WhiteElo "2330"]
[BlackElo "2280"]

1.Nf3 d5 2.g3 Bg4 3.Bg2 Nd7 4.c4 c6 5.cxd5 cxd5 6.Qb3 Qc7 7.Nc3 e6 8.d4 Bxf3
9.Bxf3 Ngf6 10.O-O Qb6 11.e4 Qxb3 12.axb3 dxe4 13.Nxe4 Nd5 14.Nc3 N7b6 15.Nxd5 exd5
16.Re1+ Kd8 17.Bd2 Bd6 18.Ra5 Re8 19.Rea1 a6 20.Kf1 Rc8 21.Bc3 g6 22.h4 Kd7
23.Bxd5 Nxd5 24.Rxd5 Kc6 25.Rda5 Bc7 26.Rc5+ Kd7 27.Bd2 Bb6 28.Rxc8 Rxc8
29.Bc3 Re8 30.Rd1 h5 31.Kg2 Re2 32.Kf3 Rc2 33.Re1 Bc7 34.Rf1 b5 35.Ke3  1-0

[Event "Brno-B"]
[Site "Brno"]
[Date "1994.??.??"]
[Round "9"]
[White "Tichy, Vladimir"]
[Black "Vechet, Stanislav"]
[Result "1/2-1/2"]
[WhiteElo "2390"]
[BlackElo "2250"]

1.Nf3 d5 2.g3 Nf6 3.Bg2 c6 4.d3 Bg4 5.Nbd2 Nbd7 6.h3 Bxf3 7.Nxf3 e5 8.O-O Bc5
9.d4 exd4 10.Nxd4 O-O 11.b3 Re8 12.Bb2 Ne4 13.e3 Qg5 14.Qg4 Qxg4 15.hxg4 Ne5
16.g5 Nd7 17.Nf5 Bf8 18.Rfd1 Ndc5 19.Rac1 Nxg5 20.c4 g6 21.Nd4 dxc4 22.Rxc4 Rad8
23.Rcc1 Nge6 24.Kf1 Nxd4 25.Bxd4 Ne6 26.Bf6 Be7 27.Bb2 Rxd1+ 28.Rxd1 Rd8
29.Rxd8+ Bxd8 30.f4 h5 31.Bf3 Bb6 32.Ke2 Kf8 33.Bc3 Ke7 34.Be1 Kd6 35.g4 hxg4
36.Bxg4 f5 37.Bf3 a5 38.Bc3 Kc5 39.Kd2 Bc7 40.Be2 b5 41.Bf3 g5 42.fxg5 Nxg5
43.Bh5 Ne4+ 44.Kc2 Nxc3 45.Kxc3 Be5+ 46.Kc2 Kd5 47.Kd3 Kc5 48.Kc2 Kb4 49.Be8 c5
50.a3+ Kxa3 51.Bxb5 Kb4 52.Bd7 f4 53.exf4 Bxf4 54.Be6 Be5 55.Kd3  1/2-1/2

[Event "ROM-ch"]
[Site "Bucharest"]
[Date "1994.??.??"]
[Round "2"]
[White "Dumitrache, Dragos"]
[Black "Schwartzman, Gabriel"]
[Result "1-0"]
[WhiteElo "2475"]
[BlackElo "2505"]

1.Nf3 d5 2.g3 Nf6 3.Bg2 c6 4.O-O Bg4 5.d3 Nbd7 6.Nbd2 e5 7.h3 Bh5 8.e4 Bd6
9.Qe1 O-O 10.Nh4 Re8 11.Nb3 Qc7 12.Bd2 Nb6 13.a4 dxe4 14.a5 Nbd7 15.dxe4 Nc5
16.Nxc5 Bxc5 17.b4 Bf8 18.Be3 c5 19.b5 Rad8 20.g4 Bg6 21.Ra4 Re6 22.Bf3 Ne8
23.Qc3 Qd7 24.Qb3 Nc7 25.Be2 Rd6 26.Nf3 Re6 27.Nh4 a6 28.bxa6 bxa6 29.Rb1 Rc6
30.Qb7 Qe8 31.Nxg6 hxg6 32.Raa1 Rdd6 33.Rb6 Qa8 34.Qxa8 Nxa8 35.Rxc6 Rxc6
36.Rb1 Bd6 37.Bc4 Kf8 38.Rb7 Nc7 39.Bd5 Nxd5 40.exd5 Rc8 41.Rb6 Ke7 42.Rxa6 Rc7
43.Rb6 Kd7 44.Kf1 e4 45.Rxd6+  1-0